Saved in:
Bibliographic Details
Format: Book
Published: lb lc
Tags: Add Tag
No Tags, Be the first to tag this record!
Call Number :

MARC

LEADER 00000pam a2200000 4500
001 18535
003 MY-KLNDU
005 20241218061148.0
035 |a 0000018376 
039 9 |a 201702101131  |b faiz  |c 201702101131  |d faiz  |y 200910091007  |z VLOAD 
260 0 0 |a lb lc 
999 |a vtls000018380  |c 18535  |d 18535